| 000 | 00745nam a2200169 i 4500 | ||
|---|---|---|---|
| 001 | 185023 | ||
| 003 | ES-MaACL | ||
| 005 | 20250826054858.0 | ||
| 008 | 160307s1913 sp |||| | spa d | ||
| 245 | 0 | 0 | _aCatálogo de las obras españolas, francesas, italianas, alemanas, inglesas y norteamericanas que forman parte de la biblioteca de "Los Progresos de la Clínica", revista mensual. |
| 260 |
_aMadrid : _b[Los Progresos de la Clínica], _c1913. |
||
| 300 |
_a80 p. ; _c23 cm. |
||
| 610 | 2 | 4 |
_aLos Progresos de la Clínica. _bBiblioteca- _vCatálogos. _9159028 |
| 650 | 7 |
_aMedicina- _vBibliografías _2 _9158981 |
|
| 852 |
_aES-MaACL _jT-1359-F-1 _z.- Enc. en un vol. facticio conservando la enc. original |
||
| 999 |
_c185023 _d185023 |
||